000 00666nam a22002297a 4500
003 OSt
005 20240320103008.0
008 200207b ||||| |||| 00| 0 eng d
020 _a 9780803645660
020 _a9789352700905
040 _cDDC
082 _aWB200 N778m 2017
100 _aNorkin, Cynthia C.; White, D. Joyce
_913614
245 _aMeasurement of Joint Motion: a guide to goniometry
250 _a5th ed.
260 _aPhiladelphia;
_bF.A. Davis company
_c2017
300 _axviii,571p;
_bCol.ill:
_c26.5cm
504 _aAppendices, & index included
650 _aMedical diagnosis
_913615
650 _aGoniometry
_913616
942 _2z
_cO_SHELF
999 _c8274
_d8274